Introductory circuit analysis / (Record no. 179208)

000 -LEADER
fixed length control field 01514 a2200217 4500
003 - CONTROL NUMBER IDENTIFIER
control field Nust
005 - DATE AND TIME OF LATEST TRANSACTION
control field 20170207153114.0
010 ## - LIBRARY OF CONGRESS CONTROL NUMBER
LC control number 96021799
020 ## - INTERNATIONAL STANDARD BOOK NUMBER
International Standard Book Number 0029462169 (hardcover)
040 ## - CATALOGING SOURCE
Transcribing agency Nust
082 00 - DEWEY DECIMAL CLASSIFICATION NUMBER
Classification number 621.38132
100 1# - MAIN ENTRY--PERSONAL NAME
Personal name Boylestad, Robert L.
245 10 - TITLE STATEMENT
Title Introductory circuit analysis /
Statement of responsibility, etc. Robert L. Boylestad.
250 ## - EDITION STATEMENT
Edition statement 5th ed.
260 ## - PUBLICATION, DISTRIBUTION, ETC.
Place of publication, distribution, etc. Upper Saddle River, N.J. :
Name of publisher, distributor, etc. Prentice Hall,
Date of publication, distribution, etc. c1997.
300 ## - PHYSICAL DESCRIPTION
Extent xv, 864 p. :
Other physical details ill. (some col.) ;
Dimensions 29 cm.
505 ## - FORMATTED CONTENTS NOTE
Formatted contents note Introduction (Page-1), Current and Voltages (Page-29), Resistance (Page-55), Ohm’s Law, Power and energy (Page-93),Series Circuits (Page-123), Parallel Circuits (Page-159), Series Parallel Networks (Page-195), Methods of Analysis and Selected Topic (Page-229), Network Theorems (Page-289), Capacitor (Page-343), Magnetic Circuits (Page-395), Inductors (Page-427), Sinusoidal Alternating Waveforms (Page-459), The Basic Elements and Phasors (Page-507), Series and Parallel ac Circuits (Page-559), Series Parallel ac Networks (Page-635), Methods of Analysis and Selected Topics (Page-655), Network Therorems (Page-697), Power (Page-749), Resonance (Page-287), Decibels, Filters ad Bode Plots (Page-829), Pulse Waveform and the R-C Response (Page-887), Polyphase Systems (Page-917), Nonsinusoidal Circuits (Page-965), Transformers (Page-991), Two Port Parameters (z,y,h) (Page-1031),
538 ## - SYSTEM DETAILS NOTE
System details note Almirah No.33 Shelf No.6
650 #0 - SUBJECT ADDED ENTRY--TOPICAL TERM
Topical term or geographic name entry element Electric circuit analysis
General subdivision Data processing.
650 #0 - SUBJECT ADDED ENTRY--TOPICAL TERM
Topical term or geographic name entry element Telecommunication Engineering
942 ## - ADDED ENTRY ELEMENTS (KOHA)
Source of classification or shelving scheme
Koha item type Book
Holdings
Withdrawn status Lost status Source of classification or shelving scheme Damaged status Not for loan Collection code Permanent Location Current Location Date acquired Total Checkouts Full call number Barcode Date last seen Price effective from Koha item type
            Military College of Signals (MCS) Military College of Signals (MCS) 12/12/2016   621.38132 BOY MCS5225 12/08/2016 12/12/2016 Book
            Military College of Signals (MCS) Military College of Signals (MCS) 12/12/2016   621.38132 BOY MCS5265 12/08/2016 12/12/2016 Book
            Military College of Signals (MCS) Military College of Signals (MCS) 12/12/2016   621.38132 BOY MCS5270 12/08/2016 12/12/2016 Book
© 2023 Central Library, National University of Sciences and Technology. All Rights Reserved.